LEADER 00866nam a2200205 i 4500 001 000000030145 003 CaOOAMICUS 005 20180830125448.0 008 180830s1836 it u000 u ita u 040 $aSeMil$bita 100 1 $aColletta, Pietro,$d<1775-1831>.$0(OLS)http://semarc/name/11324 245 10$aStoria del Reame di Napoli :$bdal 1734 sino al 1825 /$cdel generale Pietro Colletta. 250 $a4. Ed. 260 $aCapolago :$bTipografia e libreria Elvetica,$c1836. 300 $a2 v. ;$c22 cm. 650 4$aRegno di Napoli <1302-1816> - Storia - Sec. 18.-19.$0(OLS)http://semarc/subject/44652 774 0 $tTomo 1.$g1$w()115936 774 0 $tTomo 2.$g2$w()258483 996 $6245$aStoria del Reame di Napoli :$bdal 1734 sino al 1825$9(OLS)http://semarc/title/411153 996 $6260$aCapolago :$bTipografia e libreria Elvetica$9(OLS)http://semarc/publisher/37361 LEADER 01086nam a2200253 i 4500 001 000000036396 003 CaOOAMICUS 005 20100316000000.0 008 100316s1964 it u000 u ita u 013 $a5834 040 $aSeMil$bita 245 10$aElementi ascetici della nostra spiritualità sacerdotale. 250 $a2. edizione. 300 $a317 p. 490 0 $aLa spiritualità sacerdotale ;$v2 500 $aFondo Mezzanotti. 650 4$aSacerdozio - Spiritualità.$0(OLS)http://semarc/subject/2395 700 1 $aDillenschneider, Clément .$0(OLS)http://semarc/name/801 773 0 $aDillenschneider, Clément $tSacerdote e apostolo nello Spirito del Concilio Vaticano 2.$dBologna : Dehoniane, [196?]$gVol.2$w()23141 830 3$aLa spiritualità sacerdotale ;$v2.$0(OLS)http://semarc/title/6599 850 $aSeMil 852 $aSeMil$W1$xVenegono$y1$m3G II 157$j2551$B2551$CSeMilBibl$Z2$F2551 $81 961 $aOmaggio: Mezzanotti mons. Alessandro 996 $6245$aElementi ascetici della nostra spiritualità sacerdotale$9(OLS)http://semarc/title/50359